Normal view
MARC view
- Golton, William C
Entry Personal Name
001 - CONTROL NUMBER
- control field: 75288
003 - CONTROL NUMBER IDENTIFIER
- control field: NUST
005 - DATE AND TIME OF LATEST TRANSACTION
- control field: 20210628205403.0
008 - FIXED-LENGTH DATA ELEMENTS
- fixed length control field: 210628|| aca||aabn | a|a d
040 ## - CATALOGING SOURCE
- Original cataloging agency: NUST
- Transcribing agency: NUST
100 ## - HEADING--PERSONAL NAME
- Personal name: Golton, William C
670 ## - SOURCE DATA FOUND
- Source citation: Work cat.: (NUST): Golton, William C, Analysis of paints and related materials,current techniques for solving coatings problems, 2000
